Statystyki dla Miejscowości w Gminie Łowicz

Kliknij tutaj aby rozwiązać quiz!

Ogólne statystyki

  • Ten quiz został rozwiązany 19 razy
  • Średni wynik to 9 z 28

Statystyki odpowiedzi

Pierwsza LiteraMiejscowość% Poprawnych
UUrbańszczyzna
78%
WWygoda
78%
JJamno
67%
ZZielkowice
67%
DDąbkowice Dolne
44%
DDąbkowice Górne
44%
GGuźnia
44%
PPilaszków
44%
ZZawady
44%
BBocheń
33%
JJastrzębia
33%
NNiedźwiada
33%
PPopów
33%
SStrzelcew
33%
ZZabostów Duży
33%
ZZabostów Mały
33%
KKlewków
22%
MMałszyce
22%
MMystkowice
22%
OOstrów
22%
ŚŚwieryż
22%
SSzczudłów
22%
MMystkowice Małe
11%
PParma
11%
ŚŚwiące
11%
PParcela
0%
PPlacenja
0%
PPodbielnia
0%

Rozkład punktacji

Percentyl według liczby udzielonych odpowiedzi

Procent ludzi z każdym wynikiem

Twoja historia wyników

Nie rozwiązałeś tego quizu